The Independence of the Judiciary in Namibia / (Record no. 23)

MARC details
000 -LEADER
fixed length control field 00579nam a22001697a 4500
005 - DATE AND TIME OF INPUT
control field 20231024105358.0
008 - DATA ELEMENTS--GENERAL INFORMATION
fixed length control field 231024b |||||||| |||| 00| 0 eng d
020 ## - INTERNATIONAL STANDARD BOOK NUMBER
International Standard Book Number 9789991608075
041 ## - LANGUAGE CODE
Language code of text English
082 ## - SHELF NUMBER
DDC number 347.1 IND
100 ## - MAIN AUTHOR
Main author's name The Independence of the Judiciary in Namibia /
Language of a work English
245 ## - TITLE STATEMENT
Title The Independence of the Judiciary in Namibia /
Statement of responsibility, etc. edited by Nico Horn & Anton Bosl
260 ## - PUBLICATION, DISTRIBUTION, ETC.
Place of publication, distribution, etc. Windhoek :
Name of publisher, distributor, etc. Macmillan Education Namibia,
Date of publication, distribution, etc. 2008
300 ## - PHYSICAL DESCRIPTION
Other physical details 325 pages ;
Dimensions 24.7 cm.
650 ## - SUBJECT`
Broad subject Legal Practice
Own subject terms Law
942 ## - ADDED ENTRY ELEMENTS (KOHA)
Item type Books
942 ## - ADDED ENTRY ELEMENTS (KOHA)
-- ALISON_B_N__VRIES
Holdings
Source of classification or shelving scheme Not for loan Collection code Home library Current library Shelving location Date acquired Full call number Barcode Price effective from Koha item type
Dewey Decimal Classification   TEXT BOOKS LAW SOCIETY OF NAMIBIA LIBRARY - WINDHOEK LAW SOCIETY OF NAMIBIA LIBRARY - WINDHOEK Civil Procedure and Court 10/24/2023 347.1 IND LSN/2008/23 10/24/2023 Books